European faience and maiolica : in the collection of the Silesian Museum 1380-1850 /

Hlavní autor: Soest, Jan P. van
Korporativní autor: Slezské zemské muzeum (Opava, Česko)
Další autoři: Janák, Martin, Kalinová, Alena, 1955-
Jazyk: Angličtina
Vydáno: Opava : Slezské zemské muzeum, 2021
Témata:
Fyzický popis: 468 stran : ilustrace (převážně barevné), mapy, portréty, faksimile ; 30 cm
Knihy
Uloženo v:
LEADER 02832nam a2200721 i 4500
001 nkc20223392496
003 CZ PrNK
005 20220526090507.0
007 ta
008 220121s2021 xr abche c 000 0 eng
015 |a cnb003392496 
020 |a 978-80-87789-73-5  |q (vázáno) 
035 |a (OCoLC)1329407708 
040 |a OLA001  |b cze  |e rda 
041 1 |a eng  |h cze 
043 |a e------  |a e-xr---  |b e-xr-mo  |2 czenas 
045 |a r8w5 
072 7 |a 73  |x Sochařství, keramika, porcelán, umělecké zpracování kovů  |2 Konspekt  |9 21 
080 |a 738.22  |2 MRF 
080 |a 738.23  |2 MRF 
080 |a 72/76:069.5  |2 MRF 
080 |a 069.5  |2 MRF 
080 |a 069(1-3)  |2 MRF 
080 |a (4)  |2 MRF 
080 |a (437.326)  |2 MRF 
080 |a (083.82)  |2 MRF 
100 1 |a Soest, Jan P. van  |7 jo20221149635  |4 aut 
245 1 0 |a European faience and maiolica :  |b in the collection of the Silesian Museum 1380-1850 /  |c Jan P. van Soest, Martin Janák, Alena Kalinová 
246 3 0 |a European faience and maiolica in the collection of the Silesian Museum 1380-1850 
264 1 |a Opava :  |b Slezské zemské muzeum,  |c 2021 
300 |a 468 stran :  |b ilustrace (převážně barevné), mapy, portréty, faksimile ;  |c 30 cm 
336 |a text  |b txt  |2 rdacontent 
336 |a statický obraz  |b sti  |2 rdacontent 
337 |a bez média  |b n  |2 rdamedia 
338 |a svazek  |b nc  |2 rdacarrier 
500 |a Částečně přeloženo z češtiny 
500 |a 350 výtisků 
504 |a Obsahuje bibliografii a bibliografické odkazy 
610 2 7 |a Slezské zemské museum (Opava, Česko)  |7 ko2005263914  |2 czenas 
648 4 |a 1380-1850 
648 7 |a 14.-19. století  |7 ch757050  |2 czenas 
650 0 7 |a fajáns  |7 ph120124  |z Evropa  |y 14.-19. století  |2 czenas 
650 0 7 |a majolika  |7 ph135195  |z Evropa  |y 14.-19. století  |2 czenas 
650 0 7 |a umělecké sbírky  |7 ph135222  |z Česko  |2 czenas 
650 0 7 |a muzejní sbírky  |7 ph137908  |z Česko  |2 czenas 
650 0 7 |a zemská muzea  |7 ph127608  |z Česko  |2 czenas 
650 0 9 |a majolica  |z Europe  |y 14th-19th centuries  |2 eczenas 
650 0 9 |a faience  |z Europe  |y 14th-19th centuries  |2 eczenas 
650 0 9 |a art collections  |z Czechia  |2 eczenas 
650 0 9 |a museum collections  |z Czechia  |2 eczenas 
650 0 9 |a regional museums  |z Czechia  |2 eczenas 
651 7 |a Opava (Česko)  |7 ge130311  |2 czenas 
651 9 |a Opava (Czechia)  |2 eczenas 
655 7 |a katalogy  |7 fd132535  |2 czenas 
655 9 |a catalogs  |2 eczenas 
700 1 |a Janák, Martin  |7 mzk2017938711  |4 aut 
700 1 |a Kalinová, Alena,  |d 1955-  |7 mzk2007401193  |4 aut 
710 2 |a Slezské zemské muzeum (Opava, Česko)  |7 kn20010724747  |4 oth  |4 isb 
910 2 |a BOA001  |b 4-1480.906 
990 |a BK 
995 |a 01 
991 |b 202205  |c NOV 
996 6 |b 2610898886  |c 4-1480.906  |l MZK  |r Sklad / do 1 hodiny  |n 1  |p p.v.  |w 001883486  |u 000010  |a 1  |e BOA001  |j MZK50  |s P